Added aggravation (Record no. 77425)

MARC details
000 -LEADER
fixed length control field 01421cab a2200241 4500
001 - CONTROL NUMBER
control field ##L134250
008 - FIXED-LENGTH DATA ELEMENTS--GENERAL INFORMATION
fixed length control field 060719n2006 000 0 eng u
035 ## - SYSTEM CONTROL NUMBER
System control number (Sirsi) u134250
041 0# - LANGUAGE CODE
Language code of text/sound track or separate title eng
100 1# - MAIN ENTRY--PERSONAL NAME
Personal name Thornton, Justine
245 00 - TITLE STATEMENT
Title Added aggravation
260 ## - PUBLICATION, DISTRIBUTION, ETC.
Date of publication, distribution, etc. 2006
490 #0 - SERIES STATEMENT
Series statement Estates Gazette
Volume/sequential designation (0628) 15 July 2006, 100-101(2)
520 ## - SUMMARY, ETC.
Summary, etc. Discusses how Supplementary Planning Documents (SPDs) can create problems for developers. Looks at the altered position of supplementary guidance under the Planning and Compulsory Purchase Act 2004. Notes relevant case law confirming that guidance has to be consistent with policies in the adopted development plan: "Westminster City Council v Great Portland Estates plc" (HL, [1985] AC 661) and "R (on the application of JA Pye (Oxford) Ltd) v Oxford City Council" ([2002] EWCA Civ 1116, X120700). Explains what may be contained in SPDs and development plan documents produced by local planning authorities, and how developers should approach these documents.
590 ## - LOCAL NOTE (RLIN)
Local note IKA010806
650 24 - SUBJECT ADDED ENTRY--TOPICAL TERM
Topical term or geographic name entry element WESTMINSTER CITY COUNCIL V GREAT PORTLAND ESTATES PLC
650 24 - SUBJECT ADDED ENTRY--TOPICAL TERM
Topical term or geographic name entry element R V OXFORD CITY COUNCIL EX P J A PYE (OXFORD) LTD
650 24 - SUBJECT ADDED ENTRY--TOPICAL TERM
Topical term or geographic name entry element PLANNING AND COMPULSORY PURCHASE ACT 2004
651 #4 - SUBJECT ADDED ENTRY--GEOGRAPHIC NAME
Geographic name England and Wales
Chronological subdivision 1543-
690 ## - LOCAL SUBJECT ADDED ENTRY--TOPICAL TERM (OCLC, RLIN)
Topical term or geographic name as entry element ENVIRONMENTAL AND LAND CONSULTANCY-PLANNING AND DEVELOPMENT-DEVELOPMENT CONTROL
700 1# - ADDED ENTRY--PERSONAL NAME
Personal name Catterall, Simon
942 ## - ADDED ENTRY ELEMENTS (KOHA)
Suppress in OPAC 0
Holdings
Withdrawn status Lost status Source of classification or shelving scheme Damaged status Not for loan Home library Current library Shelving location Date acquired Total Checkouts Full call number Barcode Date last seen Copy number Price effective from Koha item type
    Dewey Decimal Classification     London London Journal article 19/07/2006   L134250 134250-1001 06/08/2019 1 06/08/2019 Journal article